000 00654nam a2200193 a 4500
001 000042681
005 20201002040325.0
008 140206s1997 sp a 000 0 spa d
020 _a8440676735
040 _aDO-SdBNP
_bspa
_cBNPHU
100 1 _aBey, Alí
_969979
245 1 0 _aViajes por Marruecos :
_bedición de Salvador Barberá Fraguas /
_cAlí Bey; traducción, Salvador Barberá.
260 _aBarcelona, :
_bEdiciones B,
_c1997.
300 _a506 p. ;
_c19 cm.
490 1 _aBiblioteca Grandes Viajeros
500 _aIncluye notas a pie de páginas
700 1 _aBarberá, Salvador
_etrad.
_969980
830 0 _aBiblioteca Grandes Viajeros
_969748
999 _c42170
_d42170